000 00844nam a22002295i 4500
001 151995
003 ES-MaACL
005 20250815113045.0
008 011010s1900 fr |||| | fre d
040 _aLR
_bspa
_cLR
100 1 _aBernthsen, Henri Auguste.
_928363
245 1 0 _aTraité élémentaire de chimie organique /
_cpar A. Bernthsen ; traduite de l'allemand sur la sixième édition par M. Choffel [et] E. Suais.
250 _a1e ed. française.
260 _aParis :
_bLibrairie Polytechnique Ch. Béranger, éditeur,
_c1900 (
_eLaval :
_fimp. L. Barneoud et Cie.)
300 _aXIII, 530 p. ;
_c21 cm.
650 7 _aQuímica orgánica
_2embne
_9136799
700 1 _aChoffel, Maurice.
_9147646
700 0 _aSuais, E.
_9108529
852 _aES-MaACL
_jF-4407
_z-- Enc. tela
999 _c151995
_d151995